[Event "DEM U10w 2016"]
[Site "Willingen GER"]
[Date "2016.05.20"]
[Round "10"]
[White "Butenandt, Svenja"]
[Black "Derling, Charlotte"]
[Result "1-0"]
[Termination "normal"]
[Board "1"]
[WhiteElo "1451"]
[BlackElo "974"]
[WhiteClock "01:00:04"]
[BlackClock "00:57:13"]
[PlyCount "81"]
[WhiteFideId "12993859"]
[BlackFideId "16222237"]
[EventCountry "GER"]
[EventRounds "11"]
[EventType "swiss"]
[EventDate "2016.05.14"]

1. e4 e5 2. Nf3 Nc6 3. Nc3 Nf6 4. d4 exd4 5. Nxd4 Bc5 6. Be3 Nxd4 7. Bxd4 Bxd4
8. Qxd4 d6 9. O-O-O O-O 10. f3 Be6 11. g4 c5 12. Qxd6 Qxd6 13. Rxd6 Rfd8 14.
Rxd8+ Rxd8 15. Be2 Rb8 16. Rd1 h6 17. Kb1 Ra8 18. Nd5 Nxd5 19. exd5 Bd7 20. c4
Rb8 21. Kc2 b5 22. cxb5 Bxb5 23. Bxb5 Rxb5 24. d6 Rb8 25. d7 Rd8 26. Kc3 Kf8
27. Kc4 Ke7 28. Kxc5 Rxd7 29. Rxd7+ Kxd7 30. Kb5 Kc7 31. Ka6 Kb8 32. a4 Ka8 33.
b4 g6 34. b5 f5 35. gxf5 gxf5 36. a5 Kb8 37. b6 axb6 38. axb6 Ka8 39. b7+ Kb8
40. f4 h5 41. h4 1-0

[Event "DEM U10w 2016"]
[Site "Willingen GER"]
[Date "2016.05.20"]
[Round "10"]
[White "Adelmeyer, Nelly"]
[Black "Nguyen, Phuong Thao Vivien"]
[Result "0-1"]
[Termination "normal"]
[Board "2"]
[WhiteElo "1086"]
[BlackElo "1578"]
[WhiteClock "00:35:32"]
[BlackClock "00:30:40"]
[PlyCount "108"]
[WhiteFideId "16203577"]
[BlackFideId "16210735"]
[EventCountry "GER"]
[EventRounds "11"]
[EventType "swiss"]
[EventDate "2016.05.14"]

1. e4 c5 2. c3 d5 3. exd5 Qxd5 4. d4 Nf6 5. Bb5+ Nc6 6. Nf3 Bg4 7. Bxc6+ Qxc6
8. Nbd2 e6 9. Qe2 Be7 10. O-O O-O 11. Qd3 Bf5 12. Qe3 Nd5 13. Qe2 Nf4 14. Qe3
Nd3 15. Ne5 Nxe5 16. dxe5 Rad8 17. Qf3 Qc7 18. Re1 b5 19. Qg3 Rd3 20. Re3 Rfd8
21. Rxd3 Rxd3 22. f3 c4 23. Nf1 Bc5+ 24. Kh1 Rd1 25. Bh6 Rxf1+ 26. Rxf1 Bg6 27.
Bg5 Qd7 28. Qe1 Bd3 29. Qd2 Qc7 30. Re1 a5 31. b4 axb4 32. cxb4 Bd4 33. f4 Qa7
34. h3 Bf2 35. Ra1 Qd4 36. Rd1 Be3 37. Qe1 Bxf4 38. Bxf4 Qxf4 39. Qe2 h6 40.
Qb2 Qe4 41. Qc3 Qe2 42. Ra1 Bc2 43. Qb2 Qe4 44. Rc1 Bd3 45. a3 Qe3 46. Qc3 Qf2
47. Qe1 Qb2 48. Qc3 Qf2 49. Ra1 Be4 50. Rg1 Bd5 51. Qe1 Qb2 52. Qa1 Qb3 53. Rb1
Qxh3+ 54. Kg1 Qxg2# 0-1

[Event "DEM U10w 2016"]
[Site "Willingen GER"]
[Date "2016.05.20"]
[Round "10"]
[White "Becker, Linda"]
[Black "Schneider, Anna"]
[Result "0-1"]
[Termination "normal"]
[Board "3"]
[WhiteElo "1093"]
[BlackElo "1365"]
[WhiteClock "00:38:23"]
[BlackClock "00:37:20"]
[PlyCount "104"]
[WhiteFideId "16244753"]
[BlackFideId "16200527"]
[EventCountry "GER"]
[EventRounds "11"]
[EventType "swiss"]
[EventDate "2016.05.14"]

1. e4 e5 2. Nf3 Nc6 3. d4 exd4 4. Bc4 Bc5 5. c3 Nf6 6. e5 d5 7. Bb5 Ne4 8. Nxd4
O-O 9. O-O Nxe5 10. f4 Bg4 11. Qc2 Nc6 12. Be3 Nxd4 13. cxd4 Bb6 14. Nd2 Bf5
15. Bd3 Nxd2 16. Qxd2 Bd7 17. Qe2 Re8 18. Qf3 Qf6 19. Kh1 Bxd4 20. Bc1 Bxb2 21.
Bxb2 Qxb2 22. Qxd5 Bc6 23. Qg5 f6 24. Qg3 Re3 25. Rfb1 Rxg3 26. Bc4+ Kh8 27.
Rxb2 Rc3 28. Bb3 a5 29. a4 Rb8 30. Rd1 h6 31. Bf7 Rf3 32. Rbd2 Rxf4 33. Bg6 Be8
34. g3 Bxg6 35. Rd8+ Rxd8 36. Rxd8+ Kh7 37. gxf4 c5 38. Rc8 Be4+ 39. Kg1 Bc6
40. Kf2 c4 41. Ke3 Bxa4 42. Rxc4 b5 43. Rc5 Kg6 44. f5+ Kg5 45. Kf3 g6 46. h4+
Kh5 47. fxg6+ Kxg6 48. h5+ Kf7 49. Rc7+ Ke6 50. Ke4 b4 51. Rc6+ Bxc6+ 52. Kd4
f5 0-1

[Event "DEM U10w 2016"]
[Site "Willingen GER"]
[Date "2016.05.20"]
[Round "10"]
[White "Bashylina, Luisa"]
[Black "Bildat, Emilia"]
[Result "1-0"]
[Termination "normal"]
[Board "4"]
[WhiteElo "1664"]
[BlackElo "947"]
[WhiteClock "01:10:11"]
[BlackClock "00:43:57"]
[PlyCount "37"]
[WhiteFideId "12983292"]
[BlackFideId "16218140"]
[EventCountry "GER"]
[EventRounds "11"]
[EventType "swiss"]
[EventDate "2016.05.14"]

1. e4 e5 2. Nf3 Nc6 3. d4 exd4 4. Nxd4 Bc5 5. Be3 Qf6 6. c3 Nge7 7. Bc4 b6 8.
O-O Bb7 9. f4 Qh6 10. Qd2 g6 11. b4 Bxd4 12. cxd4 a6 13. f5 Qf8 14. Bh6 Qg8 15.
f6 Nc8 16. Bg7 b5 17. Bxf7+ Kxf7 18. Qd3 h6 19. Qb3+ 1-0

[Event "DEM U10w 2016"]
[Site "Willingen GER"]
[Date "2016.05.20"]
[Round "10"]
[White "Müller, Alina"]
[Black "Peglau, Charis"]
[Result "1-0"]
[Termination "normal"]
[Board "5"]
[WhiteElo "1159"]
[BlackElo "1097"]
[WhiteClock "00:16:50"]
[BlackClock "01:21:40"]
[PlyCount "183"]
[WhiteFideId "16265939"]
[BlackFideId "16219996"]
[EventCountry "GER"]
[EventRounds "11"]
[EventType "swiss"]
[EventDate "2016.05.14"]

1. d4 d5 2. c4 e5 3. dxe5 d4 4. e3 Bb4+ 5. Bd2 dxe3 6. fxe3 Bxd2+ 7. Nxd2 Nc6
8. Ngf3 Bg4 9. Qc2 Qe7 10. Qe4 Bxf3 11. Nxf3 Nf6 12. Qf4 Nd7 13. e6 Qxe6 14.
Be2 O-O-O 15. O-O Rhe8 16. Ng5 Qxe3+ 17. Qxe3 Rxe3 18. Bg4 f6 19. Nh3 Re4 20.
Bxd7+ Rxd7 21. b3 Rd2 22. Rfd1 Rxd1+ 23. Rxd1 Re2 24. a4 Rb2 25. Rd3 Na5 26.
Re3 Kd7 27. Rd3+ Kc6 28. Re3 Nxb3 29. Re7 Nc1 30. Rxg7 Nd3 31. g3 Rb4 32. Rxh7
Rxa4 33. Rh6 Rxc4 34. Rxf6+ Kb5 35. Kf1 a5 36. Ke2 Nc1+ 37. Kd2 a4 38. Rf1 Nb3+
39. Kd3 a3 40. Rb1 Kb4 41. Nf2 a2 42. Rd1 Nc1+ 43. Rxc1 Rxc1 44. h4 a1=Q 45. h5
Qc3+ 46. Ke4 Re1+ 47. Kf4 Qe5+ 48. Kg4 Rf1 49. Nd3+ Kc3 50. Nxe5 b5 51. h6 Rh1
52. Kg5 b4 53. Ng6 b3 54. Nh4 b2 55. h7 b1=Q 56. h8=Q+ Kb3 57. Qb8+ Ka2 58.
Qxc7 Qb5+ 59. Nf5 Rf1 60. Qf7+ Kb1 61. Qg6 Rf3 62. Kg4 Qd3 63. Qb6+ Kc2 64.
Qc6+ Kd2 65. Qxf3 Qxf3+ 66. Kxf3 Kc3 67. g4 Kc4 68. g5 Kd5 69. Kg4 Ke6 70. Kh5
Kf7 71. g6+ Kg8 72. Kh6 Kh8 73. g7+ Kg8 74. Ne7+ Kf7 75. g8=Q+ Kxe7 76. Qd5 Kf8
77. Kg6 Ke7 78. Qf7+ Kd6 79. Qe8 Kd5 80. Kf5 Kd4 81. Qe4+ Kc5 82. Qd3 Kc6 83.
Ke6 Kc5 84. Qd5+ Kb4 85. Qc6 Kb3 86. Kd5 Kb2 87. Kd4 Ka2 88. Kd3 Kb3 89. Qc2+
Ka3 90. Qb1 Ka4 91. Kc4 Ka5 92. Qb5# 1-0

[Event "DEM U10w 2016"]
[Site "Willingen GER"]
[Date "2016.05.20"]
[Round "10"]
[White "Engelhardt, Wilhelmine"]
[Black "Zhou, Lepu Coco"]
[Result "0-1"]
[Termination "normal"]
[Board "6"]
[WhiteElo "1156"]
[BlackElo "1645"]
[WhiteClock "00:52:48"]
[BlackClock "00:51:05"]
[PlyCount "88"]
[WhiteFideId "16245652"]
[BlackFideId "16217136"]
[EventCountry "GER"]
[EventRounds "11"]
[EventType "swiss"]
[EventDate "2016.05.14"]

1. e4 e5 2. Nf3 Nc6 3. d4 exd4 4. Nxd4 Nf6 5. Nxc6 bxc6 6. Bd3 d5 7. exd5 cxd5
8. O-O Be7 9. Re1 O-O 10. b3 Re8 11. Nd2 Bc5 12. Rf1 Bg4 13. Nf3 Bd4 14. Rb1
Ne4 15. Bb2 Bxb2 16. Rxb2 Ng5 17. Be2 Rxe2 18. Qxe2 Nxf3+ 19. gxf3 Bh3 20. f4
Bxf1 21. Kxf1 Qf6 22. Rb1 Qxf4 23. Re1 h6 24. f3 Rb8 25. Qf2 Rb6 26. c3 Rf6 27.
Qc2 Qxf3+ 28. Kg1 Rg6+ 29. Qxg6 fxg6 30. Re8+ Kh7 31. Rd8 Qxc3 32. Rxd5 Qa1+
33. Kf2 Qxa2+ 34. Ke3 Qxb3+ 35. Rd3 Qb6+ 36. Rd4 a5 37. Kd3 Qb3+ 38. Ke4 a4 39.
Rd3 Qb4+ 40. Rd4 Qe1+ 41. Kd5 a3 42. Re4 Qxe4+ 43. Kxe4 a2 44. Kd5 a1=Q 0-1

[Event "DEM U10w 2016"]
[Site "Willingen GER"]
[Date "2016.05.20"]
[Round "10"]
[White "Pohle, Saskia"]
[Black "Keymer, Cecilia"]
[Result "1-0"]
[Termination "normal"]
[Board "7"]
[WhiteElo "1228"]
[BlackElo "923"]
[PlyCount "133"]
[WhiteFideId "16201604"]
[BlackFideId "16233468"]
[EventCountry "GER"]
[EventRounds "11"]
[EventType "swiss"]
[EventDate "2016.05.14"]

1. e4 c5 2. Nf3 e6 3. g3 Qc7 4. Bg2 Nc6 5. O-O Nf6 6. Re1 d6 7. c3 Be7 8. d4 b6
9. e5 Nd7 10. Bf4 O-O 11. Qc2 Bb7 12. Nbd2 d5 13. Bg5 Rfe8 14. Bxe7 Nxe7 15.
Rac1 Rac8 16. Nb3 h6 17. a3 c4 18. Nbd2 b5 19. b3 a6 20. bxc4 bxc4 21. Rb1 Rb8
22. Rb2 Bc6 23. Reb1 Qa5 24. Rxb8 Rxb8 25. Rxb8+ Nxb8 26. Qb2 Nd7 27. Qb4 Qxb4
28. axb4 Nb6 29. Kf1 Kf8 30. Ke2 Na4 31. Nb1 Ke8 32. Ne1 Kd7 33. Bf3 Kc7 34.
Ng2 Nf5 35. Nf4 g6 36. Bg4 Ne7 37. h4 h5 38. Bf3 Kb6 39. Nh3 Nf5 40. Ng5 Nh6
41. Ke3 Kc7 42. Bd1 Nb6 43. f3 Kd8 44. g4 hxg4 45. fxg4 Ke7 46. h5 Kf8 47. hxg6
fxg6 48. Nxe6+ Ke7 49. Nf4 Kf7 50. g5 Nf5+ 51. Kf3 Bd7 52. Bc2 Nh4+ 53. Kg3
Nf5+ 54. Bxf5 Bxf5 55. Na3 Na4 56. Nxd5 Be4 57. Ne3 Nxc3 58. Nexc4 Ne2+ 59. Kf2
Bd3 60. Nb2 Nc1 61. Ke3 Bf5 62. b5 axb5 63. Nxb5 Ke6 64. Nd6 Bg4 65. Nd3 Nb3
66. Nf4+ Ke7 67. Nxg6+ 1-0

[Event "DEM U10w 2016"]
[Site "Willingen GER"]
[Date "2016.05.20"]
[Round "10"]
[White "Baltic, Sara"]
[Black "Lorenz, Anouk"]
[Result "1-0"]
[Termination "normal"]
[Board "8"]
[WhiteElo "1149"]
[BlackElo "1187"]
[PlyCount "125"]
[WhiteFideId "16210409"]
[BlackFideId "12990256"]
[EventCountry "GER"]
[EventRounds "11"]
[EventType "swiss"]
[EventDate "2016.05.14"]

1. Nf3 f5 2. g3 Nf6 3. Bg2 g6 4. O-O Bg7 5. d4 O-O 6. c4 d6 7. Nc3 Qe8 8. Bd2
e5 9. dxe5 dxe5 10. e4 Nxe4 11. Nxe4 fxe4 12. Ng5 Bd7 13. Nxe4 Bc6 14. a4 Nd7
15. b4 Nf6 16. Qc2 Qe7 17. b5 Bxe4 18. Bxe4 Nxe4 19. Qxe4 b6 20. a5 Rab8 21.
axb6 cxb6 22. Be3 Rfc8 23. Rfd1 Rc7 24. Ra3 Rbc8 25. Rc3 Rd7 26. Rcd3 Rxd3 27.
Rxd3 Bf8 28. Qd5+ Kh8 29. Qd7 Qxd7 30. Rxd7 Rxc4 31. Rxa7 Bc5 32. Bh6 Kg8 33.
Kg2 Rb4 34. h4 Rxb5 35. Ra8+ Kf7 36. Ra7+ Kf6 37. Rxh7 Rb2 38. Bg5+ Kf5 39.
Rf7+ Ke4 40. Rf3 b5 41. g4 b4 42. h5 gxh5 43. gxh5 Rc2 44. h6 Rc3 45. Rxc3 bxc3
46. h7 c2 47. h8=Q Be7 48. Bc1 Kd5 49. Qa8+ Ke6 50. Qc6+ Kf7 51. Qxc2 Ke6 52.
f4 exf4 53. Bxf4 Kd7 54. Qc4 Ke8 55. Qc7 Kf8 56. Bh6+ Ke8 57. Kg3 Kf7 58. Bg5
Kg6 59. Qxe7 Kf5 60. Kf3 Kg6 61. Qf6+ Kh7 62. Bh6 Kg8 63. Qg7# 1-0

[Event "DEM U10w 2016"]
[Site "Willingen GER"]
[Date "2016.05.20"]
[Round "10"]
[White "Wimmer, Katharina"]
[Black "Breß, Amy Charlize"]
[Result "0-1"]
[Termination "normal"]
[Board "9"]
[WhiteElo "934"]
[BlackElo "1059"]
[PlyCount "102"]
[WhiteFideId "16265947"]
[BlackFideId "16233786"]
[EventCountry "GER"]
[EventRounds "11"]
[EventType "swiss"]
[EventDate "2016.05.14"]

1. e4 c5 2. Nc3 Nc6 3. g3 g6 4. Bg2 Bg7 5. Nf3 e6 6. O-O Nge7 7. d3 O-O 8. Be3
Nd4 9. Ne2 Nxf3+ 10. Bxf3 d6 11. c3 Rb8 12. d4 c4 13. Qd2 b5 14. Rab1 a5 15.
Bh6 Bd7 16. e5 dxe5 17. dxe5 Bc6 18. Qxd8 Rfxd8 19. Bxc6 Nxc6 20. Bg5 Rf8 21.
Bf6 Nxe5 22. Bxe5 Bxe5 23. Rbd1 Rfd8 24. f4 Bf6 25. b3 cxb3 26. axb3 Rbc8 27.
Rxd8+ Rxd8 28. Re1 Rd3 29. Rc1 Re3 30. Nd4 Bxd4 31. cxd4 Rxb3 32. Rc7 a4 33. g4
h6 34. f5 gxf5 35. gxf5 exf5 36. Rb7 a3 37. Ra7 b4 38. Kf2 Rb2+ 39. Ke1 a2 40.
Rxa2 Rxa2 41. Kd1 Rxh2 42. Kc1 b3 43. Kb1 f4 44. d5 f3 45. d6 Rd2 46. d7 Rxd7
47. Kb2 f2 48. Kxb3 f1=Q 49. Kc3 Qc1+ 50. Kb4 Rb7+ 51. Ka5 Qa1# 0-1

[Event "DEM U10w 2016"]
[Site "Willingen GER"]
[Date "2016.05.20"]
[Round "10"]
[White "Wörz, Ann-Sophie"]
[Black "Werner, Rosalie"]
[Result "1-0"]
[Termination "normal"]
[Board "10"]
[WhiteElo "1145"]
[BlackElo "1075"]
[PlyCount "53"]
[WhiteFideId "16265890"]
[BlackFideId "16223748"]
[EventCountry "GER"]
[EventRounds "11"]
[EventType "swiss"]
[EventDate "2016.05.14"]

1. e4 e6 2. d4 d5 3. e5 c5 4. c3 Nc6 5. Nf3 Qb6 6. a3 a5 7. Be2 Nge7 8. O-O Nf5
9. Nbd2 Bd7 10. Re1 g6 11. h3 Bg7 12. Bd3 Nfe7 13. Nf1 O-O 14. Bc2 Rad8 15. Ng3
Rfe8 16. Rb1 c4 17. Be3 Qa6 18. Qd2 b5 19. Bh6 a4 20. Ra1 Rb8 21. Reb1 Na5 22.
Qg5 Kh8 23. Bxg7+ Kxg7 24. Nh5+ Kg8 25. Nf6+ Kh8 26. Qh6 Nf5 27. Qxh7# 1-0

[Event "DEM U10w 2016"]
[Site "Willingen GER"]
[Date "2016.05.20"]
[Round "10"]
[White "Antonava, Sviatlana"]
[Black "Gossing, Marie-Sophie"]
[Result "1-0"]
[Termination "normal"]
[Board "11"]
[WhiteElo "1156"]
[BlackElo "808"]
[PlyCount "111"]
[WhiteFideId "16216806"]
[BlackFideId "16217284"]
[EventCountry "GER"]
[EventRounds "11"]
[EventType "swiss"]
[EventDate "2016.05.14"]

1. d4 d5 2. Nf3 Nf6 3. Bg5 Bf5 4. e3 Nbd7 5. Be2 g6 6. O-O Bg7 7. Nbd2 O-O 8.
c4 e6 9. Ne5 Qe8 10. Nd3 e5 11. Rc1 Bxd3 12. Bxd3 e4 13. Be2 h6 14. Bf4 Rc8 15.
h3 c5 16. Bd6 Qe6 17. Bxf8 Nxf8 18. Qb3 b6 19. dxc5 bxc5 20. Qb7 a5 21. cxd5
Qe8 22. Bb5 Qd8 23. Rfd1 Rb8 24. Qc6 N8d7 25. Nb3 Rc8 26. Qb7 Rb8 27. Qa6 Ra8
28. Qb7 Rb8 29. Qa6 Ra8 30. Qd6 Bf8 31. Qg3 Nh5 32. Qg4 Nhf6 33. Qe2 a4 34. Na1
Rb8 35. Bxa4 Nb6 36. Bb3 Nfxd5 37. Bxd5 Nxd5 38. Nb3 Qg5 39. Nxc5 Rc8 40. Nxe4
Qd8 41. Rxc8 Qxc8 42. Rxd5 Qe6 43. Qd3 f5 44. Nc5 Bxc5 45. Rxc5 Qe7 46. Qd5+
Qf7 47. Qxf7+ Kxf7 48. a4 f4 49. exf4 g5 50. a5 gxf4 51. a6 h5 52. a7 h4 53.
a8=Q f3 54. Qa6 fxg2 55. Rc7+ Ke8 56. Qa8# 1-0

[Event "DEM U10w 2016"]
[Site "Willingen GER"]
[Date "2016.05.20"]
[Round "10"]
[White "Müller, Helene"]
[Black "Zöllner, Bente"]
[Result "1-0"]
[Termination "normal"]
[Board "12"]
[WhiteElo "1107"]
[BlackElo "922"]
[PlyCount "171"]
[WhiteFideId "16240456"]
[BlackFideId "16230523"]
[EventCountry "GER"]
[EventRounds "11"]
[EventType "swiss"]
[EventDate "2016.05.14"]

1. e4 c5 2. Nf3 d6 3. d4 cxd4 4. Nxd4 Nf6 5. Nc3 g6 6. Be3 Bg7 7. f3 Nc6 8. Qd2
h5 9. O-O-O Bd7 10. h3 h4 11. Qe1 Nxd4 12. Bxd4 Bh6+ 13. Kb1 Bf4 14. Bf2 Bg5
15. g3 hxg3 16. Bxg3 Qa5 17. h4 Bh6 18. e5 dxe5 19. Bxe5 Bg7 20. Bxf6 Bxf6 21.
Nd5 Qxe1 22. Nxf6+ exf6 23. Rxe1+ Be6 24. Bc4 Ke7 25. Re3 Kd6 26. Rd1+ Kc5 27.
Bxe6 fxe6 28. Rxe6 Rxh4 29. Rxf6 Rd8 30. Kc1 Rxd1+ 31. Kxd1 Rh1+ 32. Kd2 Rh2+
33. Kc3 Rh3 34. b4+ Kd5 35. Kd3 Rg3 36. c4+ Ke5 37. Rf7 b6 38. Ke3 a6 39. Rb7
Rg2 40. a4 Ra2 41. Rxb6 Ra3+ 42. Kf2 Rxa4 43. c5 a5 44. bxa5 Rxa5 45. c6 Rc5
46. Ke3 Rc3+ 47. Kf2 Kd6 48. c7+ Kxc7 49. Rxg6 Rc2+ 50. Kg3 Rc1 51. Kf4 Kd7 52.
Ke5 Rc5+ 53. Kd4 Rf5 54. Ke4 Rf7 55. f4 Re7+ 56. Kf5 Ke8 57. Kg5 Kf7 58. Rf6+
Kg8 59. f5 Rg7+ 60. Kf4 Rf7 61. Re6 Kf8 62. f6 Ra7 63. Kf5 Ra1 64. Re4 Rf1+ 65.
Ke6 Rf2 66. Re5 Rf1 67. Rd5 Re1+ 68. Kf5 Rh1 69. Rd8+ Kf7 70. Rd7+ Ke8 71. Ra7
Rf1+ 72. Kg6 Rg1+ 73. Kh7 Rh1+ 74. Kg8 Rg1+ 75. Rg7 Rf1 76. f7+ Kd8 77. f8=Q+
Rxf8+ 78. Kxf8 Kc8 79. Re7 Kd8 80. Kf7 Kc8 81. Ke6 Kd8 82. Kd6 Kc8 83. Rf7 Kb8
84. Kc6 Ka8 85. Kb6 Kb8 86. Rf8# 1-0

[Event "DEM U10w 2016"]
[Site "Willingen GER"]
[Date "2016.05.20"]
[Round "10"]
[White "Scherf, Alexa"]
[Black "Arnold, Rubina"]
[Result "1-0"]
[Termination "normal"]
[Board "14"]
[WhiteElo "922"]
[BlackElo "755"]
[PlyCount "101"]
[BlackFideId "16276272"]
[EventCountry "GER"]
[EventRounds "11"]
[EventType "swiss"]
[EventDate "2016.05.14"]

1. e4 d5 2. exd5 Nf6 3. Bb5+ Bd7 4. Nc3 Bxb5 5. Nxb5 Nxd5 6. Nf3 e6 7. d3 Bd6
8. Bg5 Nf6 9. O-O O-O 10. Re1 Be7 11. Qd2 Qd5 12. Nxc7 Qd7 13. Nxa8 b6 14. Bf4
Nc6 15. Nc7 Nd4 16. Nxd4 Qxd4 17. c3 Qd7 18. Na6 Qb7 19. Nc7 Ng4 20. Nb5 Bc5
21. d4 Qd7 22. Na3 Bxa3 23. bxa3 Qd5 24. h3 Nf6 25. Re5 Qd6 26. Rg5 Qxa3 27.
Be5 Qe7 28. Rxg7+ Kxg7 29. Qg5+ Kh8 30. Bxf6+ Qxf6 31. Qxf6+ Kg8 32. Re1 a5 33.
Re3 Ra8 34. Rg3+ Kf8 35. Qh8+ Ke7 36. Qxa8 Kd6 37. Rg7 b5 38. Qxa5 e5 39. dxe5+
Kxe5 40. Rxf7 Ke4 41. Qxb5 h5 42. Qe8+ Kd3 43. Rd7+ Kc2 44. c4 Kc3 45. c5 h4
46. c6 Kb2 47. c7 Kb1 48. c8=R Ka1 49. Qe5+ Kb1 50. Rb7+ Kxa2 51. Qb2# 1-0

[Event "DEM U10w 2016"]
[Site "Willingen GER"]
[Date "2016.05.20"]
[Round "10"]
[White "Roncea, Andreea-Alexandra"]
[Black "Scholz, Rika"]
[Result "0-1"]
[Termination "normal"]
[Board "15"]
[WhiteElo "857"]
[BlackElo "912"]
[PlyCount "80"]
[WhiteFideId "16233115"]
[BlackFideId "16240537"]
[EventCountry "GER"]
[EventRounds "11"]
[EventType "swiss"]
[EventDate "2016.05.14"]

1. e4 e5 2. Nf3 Nc6 3. Bc4 Nf6 4. Ng5 d5 5. exd5 Nd4 6. c3 Nf5 7. O-O h6 8. Nf3
e4 9. Re1 Be7 10. Nd4 O-O 11. d3 exd3 12. Qxd3 Nd6 13. Bb3 Bd7 14. Bf4 Qc8 15.
Qe3 Re8 16. Nd2 Bf8 17. Qd3 Nh5 18. Bc2 g6 19. Be3 Nf5 20. Rac1 Nh4 21. Nb5 c6
22. dxc6 bxc6 23. Nd6 Bxd6 24. Qxd6 Bh3 25. gxh3 Qxh3 26. Qxc6 Rac8 27. Qh1
Red8 28. Bxh6 Rxd2 29. Re3 Qg4+ 30. Kf1 Kh7 31. Re4 Qh3+ 32. Ke1 Nf3+ 33. Qxf3
Qxf3 34. Bxd2 Qh1+ 35. Ke2 Qxh2 36. Ke1 Nf6 37. Re3 Ng4 38. Rf3 Re8+ 39. Kd1
Qh1+ 40. Be1 Qxe1# 0-1

[Event "DEM U10w 2016"]
[Site "Willingen GER"]
[Date "2016.05.20"]
[Round "10"]
[White "Wilmink, Anna"]
[Black "Krebs, Elisabeth"]
[Result "1-0"]
[Termination "normal"]
[Board "16"]
[WhiteElo "833"]
[BlackElo "1076"]
[PlyCount "65"]
[WhiteFideId "16273680"]
[EventCountry "GER"]
[EventRounds "11"]
[EventType "swiss"]
[EventDate "2016.05.14"]

1. e4 e5 2. Nf3 Nc6 3. d4 exd4 4. Nxd4 Nf6 5. Nxc6 bxc6 6. Bd3 d5 7. exd5 cxd5
8. O-O Be7 9. Bd2 O-O 10. Re1 Bb7 11. Qf3 Rb8 12. Qf5 g6 13. Qf3 d4 14. Qd1 Qd5
15. f3 Bd6 16. Re2 Qh5 17. g3 Bxf3 18. Qf1 Bxg3 19. hxg3 Qh1+ 20. Kf2 Ng4+ 21.
Ke1 Qh5 22. Qxf3 f5 23. Re7 c5 24. Nc3 dxc3 25. Qd5+ Kh8 26. Bxc3+ Nf6 27.
Bxf6+ Rxf6 28. Qe5 Rbb6 29. Rd7 g5 30. Qe7 Qh1+ 31. Kd2 Qg2+ 32. Kc3 Qa8 33.
Qxh7# 1-0

[Event "DEM U10w 2016"]
[Site "Willingen GER"]
[Date "2016.05.20"]
[Round "10"]
[White "Petersen, Sophie"]
[Black "Tolpa, Amelie"]
[Result "1-0"]
[Termination "normal"]
[Board "17"]
[WhiteElo "906"]
[BlackElo "808"]
[PlyCount "85"]
[WhiteFideId "16229380"]
[BlackFideId "16275756"]
[EventCountry "GER"]
[EventRounds "11"]
[EventType "swiss"]
[EventDate "2016.05.14"]

1. e4 e5 2. Nf3 Nc6 3. d4 exd4 4. c3 Nf6 5. e5 Ne4 6. Bd3 Nc5 7. cxd4 Nxd3+ 8.
Qxd3 Nb4 9. Qb3 d5 10. a3 Nc6 11. Nc3 Be6 12. O-O Be7 13. Bf4 Na5 14. Qa4+ Nc6
15. h3 O-O 16. Qc2 Bh4 17. Bg3 Bg5 18. Nxg5 Qxg5 19. Qd3 Bf5 20. Qe3 Qxe3 21.
fxe3 Bd3 22. Rfd1 Bf5 23. Nxd5 Rac8 24. Rac1 Be4 25. Nc3 Bf5 26. Rf1 Bd3 27.
Rf3 Rce8 28. Bf4 Re6 29. Rg3 Rg6 30. Nd5 Re6 31. Nxc7 Rg6 32. Nd5 Re6 33. Kh2
Be4 34. Nf6+ Kh8 35. Nxe4 f5 36. Nd6 Na5 37. Rc7 Rg6 38. Nxf5 Rxg3 39. Bxg3 g6
40. Nh6 Nb3 41. e6 Rg8 42. Be5+ Rg7 43. Bxg7# 1-0